Colon classification (Record no. 20738)

MARC details
000 -LEADER
fixed length control field 00281nam a2200121Ia 4500
082 ## - DEWEY DECIMAL CLASSIFICATION NUMBER
Classification number 025.49
Item number RAN
100 ## - MAIN ENTRY--AUTHOR NAME
Personal name Ranganathan, S R
245 #0 - TITLE STATEMENT
Title Colon classification
250 ## - EDITION STATEMENT
Edition statement Ed.6
260 ## - PUBLICATION, DISTRIBUTION, ETC. (IMPRINT)
Place of publication Madras
Name of publisher Asia
Year of publication 1933
942 ## - ADDED ENTRY ELEMENTS (KOHA)
Koha item type Books
Holdings
Withdrawn status Lost status Damaged status Not for loan Home library Current library Date acquired Cost, normal purchase price Full call number Accession Number Koha item type
        RRII Library RRII Library 16/12/2021 20.00 025.49 RAN 01461 Books